Republic in suspense.

Bibliographic Details
Main Author: Bolling, Klaus
Format: Book
Language:English
German
Published: New York : F.A. Praeger, [1964]
Series:The Praeger contemporary world series, 10
Subjects:

MARC

Tag First Indicator Second Indicator Subfields
LEADER 00000cam a2200000 4500
001 in00000038759
005 20151007081250.0
008 721017s1964 eng u
010 |a  64016666  
035 |a (OCoLC)00445772 
035 |9 AAF6127AM 
040 |c WSU  |d TXA  |d UtOrBLW 
041 1 |a eng  |a ger 
049 |a TXAM  |c [410630] 
090 |a DD259  |b .B5813 1964 
092 |a 320.943  |b B692r 
100 1 |a Bolling, Klaus. 
245 1 0 |a Republic in suspense. 
264 1 |a New York :  |b F.A. Praeger,  |c [1964] 
300 |a 276 pages 
336 |a text  |b txt  |2 rdacontent 
337 |a unmediated  |b n  |2 rdamedia 
338 |a volume  |b nc  |2 rdacarrier 
490 0 |a The Praeger contemporary world series, 10 
651 0 |a Germany (West)  |x Politics and government. 
651 0 |a Germany  |x Politics and government  |y 1945-1990. 
999 |a MARS 
999 f f |s a79bd7c0-a090-3a45-b570-403a08d17825  |i 5bd20b3b-15a7-3f3f-9e4b-d5b1190e6d8d  |t 0 
952 f f |p ric  |a Texas A&M University  |b Rellis Campus  |c Joint Library Facility  |d Remote Storage  |t 0  |e DD259 .B5813 1964  |h Library of Congress classification  |i unmediated -- volume  |m A14800660239 
998 f f |a DD259 .B5813 1964  |t 0  |l Remote Storage